Guess the 1960s song lyrics #288 - Statistics

General Stats
  • This quiz has been taken 14 times
  • The average score is 131 of 202
Answer Stats
Answer % Correct
the
92%
you
92%
You
92%
and
83%
go
83%
I
83%
love
83%
me
83%
on
83%
be
75%
can
75%
do
75%
it
75%
know
75%
no
75%
there
75%
to
75%
up
75%
will
75%
your
75%
always
67%
as
67%
if
67%
is
67%
It's
67%
it's
67%
my
67%
My
67%
so
67%
So
67%
by
58%
end
58%
in
58%
of
58%
really
58%
Troggs
58%
all
50%
around
50%
beginning
50%
come
50%
Come
50%
feel
50%
let
50%
made
50%
need
50%
see
50%
show
50%
There's
50%
thing
50%
before
42%
everywhere
42%
face
42%
gave
42%
mind's
42%
mine
42%
way
42%
bed
33%
Cause
33%
depend
33%
everything
33%
feeling
33%
get
33%
grows
33%
lay
33%
toes
33%
Well
33%
beside
25%
fingers
25%
promise
25%
said
25%
thinking
25%
wind
25%
written
25%
someone
17%
things
17%
kinda
8%
No matching quizzes found
Score Distribution
Percent of People with Each Score
Percentile by Number Answered
Your Score History
You have not taken this quiz